En Flandes se ha puesto el sol / Las hijas del Cid

Salvato in:
Dettagli Bibliografici
Autore principale: Marquina, Eduardo
Natura: Libro
Lingua:Undetermined
Pubblicazione: Buenos Aires, Argentina Espasa-Calpe 1953
Edizione:2
Soggetti:
Tags: Aggiungi Tag
Nessun Tag, puoi essere il primo ad aggiungerne!!

MARC

LEADER 00000nam a2200000Ia 4500
008 170316s9999 xx 000 0 und d
090 |a 862 M-15eh 
100 |a Marquina, Eduardo 
245 |a En Flandes se ha puesto el sol / Las hijas del Cid 
250 |a 2 
260 |a Buenos Aires, Argentina 
260 |b Espasa-Calpe 
260 |c 1953 
300 |a 224 páginas 
650 |a LITERATURA ESPAÑOLA 
999 |c 25501  |d 25501 
040 |a cru BVZT 
942 |c 15 D  |h 862 M-15eh  |2 z